000 00551nam a2200169 i 4500
001 87248
003 ES-MaACL
005 20230906175628.0
007 t|
008 041220s1958 sp ||||1| spa d
100 1 _aKnox, Ronald Arbuthnott.
_968380
245 1 0 _aConferencias religiosas de Oxford /
_cRonald Knox ; versión de Javier M. de Ubago.
260 _aMadrid :
_bApostolado de la Prensa,
_c[1958] (
_fJulio Fernández Hernández)
300 _a255 p. ;
_c18 cm.
700 1 _aUbago, Javier M.
_9111820
852 _aES-MaACL
_jC-13999
_bR.42078
999 _c87248
_d87248